Daily U.S. State Riddle #46 - Statistics

General Stats
  • This quiz has been taken 75 times
  • The average score is 30 of 33
Answer Stats
Type Answer % Correct
Found Letter A
100%
Alphabet Letter G
98%
Found Letter I
98%
Alphabet Letter M
98%
Alphabet Letter N
98%
Alphabet Letter O
98%
Alphabet Letter R
98%
Alphabet Letter S
98%
Alphabet Letter D
97%
Alphabet Letter E
97%
Found Letter H
97%
Alphabet Letter K
97%
Alphabet Letter L
97%
Alphabet Letter C
95%
Found Letter W
94%
Alphabet Letter Y
94%
Alphabet Letter T
92%
Alphabet Letter F
91%
Alphabet Letter U
91%
Alphabet Letter V
91%
Correctly Placed Letter A
89%
Alphabet Letter B
89%
Alphabet Letter P
88%
Alphabet Letter Z
86%
Correctly Placed Letter A
85%
Alphabet Letter X
85%
Alphabet Letter J
83%
Correctly Placed Letter H
79%
Mystery U.S. State Hawaii
79%
Correctly Placed Letter I
79%
Correctly Placed Letter I
79%
Alphabet Letter Q
79%
Correctly Placed Letter W
79%
No matching quizzes found
Score Distribution
Percent of People with Each Score
Percentile by Number Answered
Your Score History
You have not taken this quiz